Statistics for Macaronesian Islands by population (Canary Islands, Madeira, Azores, Cape Verde).

Click here to take the quiz!

General Stats

  • This quiz has been taken 359 times
    (357 since last reset)
  • The average score is 6 of 18

Answer Stats

HintAnswer% Correct
906,854 (Canaries)Tenerife
84%
845,676 (Canaries)Gran Canaria
75%
262,456 (Madeira)Madeira
70%
141,437 (Canaries)Lanzarote
60%
87,324 (Canaries)La Palma
52%
103,492 (Canaries)Fuerteventura
52%
22,776 (Canaries)La Gomera
39%
10,960 (Canaries)El Hierro
36%
137,699 (Azores)Sao Miguel
31%
56,062 (Azores)Terceira
26%
14,144 (Azores)Pico
24%
17,631 (Cape Verde)Sal
23%
15,038 (Azores)Faial
18%
37,861 (Cape Verde)Fogo
16%
266,161 (Cape Verde)Santiago
16%
74,136 (Cape Verde)Sao Vicente
13%
13,310 (Cape Verde)Sao Nicolau
9%
47,484 (Cape Verde)Santo Antao
2%

Score Distribution

Percentile by Number Answered

Percent of People with Each Score

Your Score History

You have not taken this quiz since the last reset